Introduction to Asia / (Record no. 42924)
[ view plain ]
| 000 -LEADER | |
|---|---|
| fixed length control field | 00999cam a22003254a 4500 |
| 001 - CONTROL NUMBER | |
| control field | 14678923 |
| 003 - CONTROL NUMBER IDENTIFIER | |
| control field | OSt |
| 005 - DATE AND TIME OF LATEST TRANSACTION | |
| control field | 20140311163218.0 |
| 008 - FIXED-LENGTH DATA ELEMENTS--GENERAL INFORMATION | |
| fixed length control field | 061222r20062005nyuab j b 001 0 eng |
| 010 ## - LIBRARY OF CONGRESS CONTROL NUMBER | |
| LC control number | 2006287765 |
| 020 ## - INTERNATIONAL STANDARD BOOK NUMBER | |
| International Standard Book Number | 0439889820 |
| 040 ## - CATALOGING SOURCE | |
| Original cataloging agency | DLC |
| Transcribing agency | DLC |
| Modifying agency | DLC |
| 043 ## - GEOGRAPHIC AREA CODE | |
| Geographic area code | a------ |
| 050 00 - LIBRARY OF CONGRESS CALL NUMBER | |
| Classification number | DS 5 |
| Item number | .D137 2006 |
| 100 1# - MAIN ENTRY--PERSONAL NAME | |
| Personal name | Dalby, Elizabeth. |
| 9 (RLIN) | 21619 |
| 245 10 - TITLE STATEMENT | |
| Title | Introduction to Asia / |
| Statement of responsibility, etc | Elizabeth Dalby. |
| 260 ## - PUBLICATION, DISTRIBUTION, ETC. (IMPRINT) | |
| Place of publication, distribution, etc | New York : |
| Name of publisher, distributor, etc | Scholastic, |
| Date of publication, distribution, etc | 2006. |
| 300 ## - PHYSICAL DESCRIPTION | |
| Extent | 96 p. : |
| Other physical details | col. ill. ; |
| Dimensions | 29 cm. |
| 521 ## - TARGET AUDIENCE NOTE | |
| Target audience note | |
| 526 ## - STUDY PROGRAM INFORMATION NOTE | |
| Reading level | 1150 |
| 651 #0 - SUBJECT ADDED ENTRY--GEOGRAPHIC NAME | |
| Geographic name | Asia |
| Form subdivision | Juvenile literature. |
| 9 (RLIN) | 29097 |
| 651 #0 - SUBJECT ADDED ENTRY--GEOGRAPHIC NAME | |
| Geographic name | Asia |
| General subdivision | Computer network resources |
| Form subdivision | Juvenile literature. |
| 9 (RLIN) | 29098 |
| 700 1# - ADDED ENTRY--PERSONAL NAME | |
| Personal name | Kirkby, Joanne. |
| 9 (RLIN) | 29099 |
| 700 1# - ADDED ENTRY--PERSONAL NAME | |
| Personal name | Furnival, Keith. |
| 9 (RLIN) | 29100 |
| 700 1# - ADDED ENTRY--PERSONAL NAME | |
| Personal name | Rogers, Kirsteen. |
| 9 (RLIN) | 29101 |
| 906 ## - LOCAL DATA ELEMENT F, LDF (RLIN) | |
| a | 7 |
| b | cbc |
| c | origres |
| d | 2 |
| e | ncip |
| f | 20 |
| g | y-gencatlg |
| 942 ## - ADDED ENTRY ELEMENTS (KOHA) | |
| Source of classification or shelving scheme | Library of Congress Classification |
| Koha item type | Books |
| Withdrawn status | Lost status | Source of classification or shelving scheme | Damaged status | Home library | Current library | Shelving location | Date acquired | Total Checkouts | Full call number | Barcode | Date last seen | Copy number | Price effective from | Koha item type |
|---|---|---|---|---|---|---|---|---|---|---|---|---|---|---|
| Library of Congress Classification | Munich Library | Munich Library | Scholastic Reading Center Section | 03/10/2014 | DS 5 .D137 2006 | MS1217 | 03/10/2014 | 1 | 03/10/2014 | Books |